| 000 | 01407 a2200205 4500 | ||
|---|---|---|---|
| 001 | 3238 | ||
| 005 | 20260407155426.0 | ||
| 008 | 260407a1982 arg spa d | ||
| 003 | AR-UNSa-BCEJYS | ||
| 040 |
_aAR-UNSa-BCEJYS _bspa _cAR-UNSa-BCEJYS |
||
| 080 |
_a336.226.1 _xImpuestos a las ganancias o los beneficios (Impuesto Diferido) |
||
| 245 | 1 | 0 | _aEl impuesto a las ganancias |
| 264 | 1 |
_aBuenos Aires : _bEdiciones Contabilidad Moderna _c1982 |
|
| 300 |
_a762 p. _c23 cm. |
||
| 505 | _a1. Introducción - 2. Objeto del impuesto - 3. Ganancias de tercera categoría - 4. Ganancias de primera, segunda y cuarta categorías - 5. Ganancias de fuente Argentina - 6. La doble imposición internacional y métodos para evitarla o aliviarla - 7. Exenciones - 8. Deducciones personales y desgravaciones - 9. Sujetos del gravámen - 10. Año fiscal - 11. Criterios de imputación de resultados al año fiscal - 12. determinación de la ganancia bruta en las categorías primera, segunda y cuarta - 13. Determinación de la ganancia bruta de la tercera categoría - 14. Ganancia neta y ganancia neta sujeta a impuesto - 15. Ajuste por inflación - 16. Reorganización de empresas - 17. Los incentivos tributarios y el impuesto a las ganancias - 18. Liquidación e ingreso del gravámen | ||
| 942 | _cBK | ||
| 590 | _aniveau_biblio:m niveau_hierar:0 | ||
| 100 | 1 | _aAtchabahian, Adolfo | |
| 700 | 1 | _aRaimondi, Carlos A. | |
| 999 |
_c307 _d307 |
||